A system of practical anatomy for dental students : (Record no. 3840)

000 -LEADER
fixed length control field 01062cam a2200301 a 4500
003 - CONTROL NUMBER IDENTIFIER
control field ALUPE UNIVERSITY COLLEGE
005 - DATE AND TIME OF LATEST TRANSACTION
control field 20220218074634.0
008 - FIXED-LENGTH DATA ELEMENTS--GENERAL INFORMATION
fixed length control field 850401s1986 enka 001 0 eng c
020 ## - INTERNATIONAL STANDARD BOOK NUMBER
International Standard Book Number 0192670050 (pbk.) :
040 ## - CATALOGING SOURCE
Transcribing agency ALUPE UNIVERSITY COLLEGE
050 10 - LIBRARY OF CONGRESS CALL NUMBER
Classification number QM33.5
Item number .Z83 1986
060 ## - NATIONAL LIBRARY OF MEDICINE CALL NUMBER
Classification number QS 17 Z94s
100 1# - MAIN ENTRY--PERSONAL NAME
Personal name Zuckerman, Solly Zuckerman,
Titles and words associated with a name Baron,
Dates associated with a name 1904-1993.
245 12 - TITLE STATEMENT
Title A system of practical anatomy for dental students :
Remainder of title a guide and atlas /
Statement of responsibility, etc. Lord Zuckerman, in collaboration with Deryk Darlington, F. Peter Lisowski.
260 ## - PUBLICATION, DISTRIBUTION, ETC.
Place of publication, distribution, etc. Oxford ;
-- New York :
Name of publisher, distributor, etc. Oxford University Press,
Date of publication, distribution, etc. c1986.
300 ## - PHYSICAL DESCRIPTION
Extent 1 v. (various pagings) :
Other physical details ill. ;
Dimensions 28 cm.
440 #0 - SERIES STATEMENT/ADDED ENTRY--TITLE
Title Oxford medical publications
500 ## - GENERAL NOTE
General note Includes index.
504 ## - BIBLIOGRAPHY, ETC. NOTE
Bibliography, etc. note Includes index
650 #0 - SUBJECT ADDED ENTRY--TOPICAL TERM
Topical term or geographic name entry element Human dissection.
650 #0 - SUBJECT ADDED ENTRY--TOPICAL TERM
Topical term or geographic name entry element Human anatomy.
650 #0 - SUBJECT ADDED ENTRY--TOPICAL TERM
Topical term or geographic name entry element Dental students.
650 #2 - SUBJECT ADDED ENTRY--TOPICAL TERM
Topical term or geographic name entry element Anatomy
General subdivision atlases.
700 1# - ADDED ENTRY--PERSONAL NAME
Personal name Darlington, Deryk.
700 1# - ADDED ENTRY--PERSONAL NAME
Personal name Lisowski, F. Peter.
906 ## - LOCAL DATA ELEMENT F, LDF (RLIN)
a 7
b cbc
c orignew
d 1
e ocip
f 19
g y-gencatlg
942 ## - ADDED ENTRY ELEMENTS (KOHA)
Source of classification or shelving scheme
Koha item type Book
Suppress in OPAC WO
Holdings
Withdrawn status Lost status Source of classification or shelving scheme Damaged status Not for loan Permanent Location Current Location Shelving location Date acquired Source of acquisition Total Checkouts Full call number Barcode Date last seen Copy number Price effective from Koha item type Public note
          AU LIBRARY AU LIBRARY Open Shelf 18.02.2022 DONATION FROM MOI UNIVERSITY   QM33.5 .Z83 1986 C1 28005435 18.02.2022 1 18.02.2022 Book WO
          AU LIBRARY AU LIBRARY Open Shelf 01.04.2022 DONATION FROM MOI UNIVERSITY   QM33.5 .Z83 1986 C2 28007685 01.04.2022 2 01.04.2022 Book WO

Powered by Koha